Brunner and Suddarhs Textbook of Medical Surgical Nursing (Record no. 158424)

MARC details
000 -LEADER
fixed length control field 00421nam a2200145Ia 4500
008 - FIXED-LENGTH DATA ELEMENTS--GENERAL INFORMATION
fixed length control field 230411s9999 xx 000 0 und d
020 ## - INTERNATIONAL STANDARD BOOK NUMBER
International Standard Book Number 978-93-87963-72-7
041 ## - LANGUAGE CODE
Language code of text/sound track or separate title eng
082 ## - DEWEY DECIMAL CLASSIFICATION NUMBER
Classification number MS/610.7361/SHA/B09094
100 ## - MAIN ENTRY--PERSONAL NAME
Personal name Sharma Suresh & Madhavi S
245 ## - TITLE STATEMENT
Title Brunner and Suddarhs Textbook of Medical Surgical Nursing
260 ## - PUBLICATION, DISTRIBUTION, ETC. (IMPRINT)
Name of publisher, distributor, etc. Wolters Kluwer
Place of publication, distribution, etc. Haryana
Date of publication, distribution, etc. 2018
300 ## - PHYSICAL DESCRIPTION
Extent 2186p
Holdings
Withdrawn status Lost status Damaged status Not for loan Collection code Home library Current library Date acquired Vendor Cost, normal purchase price Bill number Total Checkouts Total Renewals Full call number Barcode Date last seen Date last checked out Cost, replacement price Bill Date Koha item type Original Barcode
        MS Smt. Bakul Tambat Institute of Nursing Education Smt. Bakul Tambat Institute of Nursing Education 29/03/2019 Patil Medical Book House 2399.00 10500 16 7 MS 610.7361 SHA B09094 BTIN-BK-9094 26/12/2024 18/12/2024 815.66 29/03/2019 Books B09094